| 000 | 01379nas a22003617a 4500 | ||
|---|---|---|---|
| 005 | 20250213111433.0 | ||
| 007 | cr | ||
| 008 | 180706cr vet||||| |||| 00| |0spa d | ||
| 022 | _a1315-2378 | ||
| 082 | 1 | 4 |
_214 _a350 |
| 245 | 0 | 0 |
_aRevista del CLAD : _breforma y democracia / _cCentro Latinoamericano de Administración para el Desarrollo. |
| 260 |
_aCaracas : _bCLAD, _c2004- |
||
| 300 | _aImpresa y digital | ||
| 310 | _aCuatrimestral | ||
| 362 | _aNº 30 (oct. 2004) - | ||
| 500 | _aEs una publicación cuatrimestral arbitrada dedicada a estimular el progreso intelectual en la comprensión sobre las relaciones Estado-Sociedad, así como a divulgar propuestas y alternativas para orientar las transformaciones requeridas en la Administración Pública. | ||
| 500 | _aSe encuentra disponible en la base de datos Redalyc desde el número 31 (2005). | ||
| 650 | 2 | 7 |
_91535 _aADMINISTRACION PUBLICA _2unescot |
| 651 | 2 | 0 |
_aAMERICA LATINA _9735 |
| 710 | 2 |
_aCentro Latinoamericano De Administración Para El Desarrollo _95732 |
|
| 856 | 4 | 1 | _uhttps://revista.clad.org/ryd |
| 869 |
_a2004 _n30 |
||
| 869 |
_a2005 _n31-32 |
||
| 869 |
_a2006 _n34-35 |
||
| 869 |
_a2007 _n37;39 |
||
| 869 |
_a2008 _n40-41 |
||
| 869 |
_a2009 _n43-45 |
||
| 869 |
_a2010 _n46 |
||
| 869 |
_a2011 _n49-50 |
||
| 869 |
_a2012 _n52;54 |
||
| 942 |
_2ddc _cREV |
||
| 980 |
_gVirginia Figueroa _82 |
||
| 999 |
_c4074 _d4074 |
||